Mario and Luigi Brother Ship All Island and Islet Names - Statistics

General Stats
  • This quiz has been taken 31 times
  • The average score is 22 of 45
Answer Stats
Hint Answer % Correct
. Rumbla
100%
. Twistee
100%
. Allsand
89%
. Desolatt
89%
. Fortress Zokket
89%
. Heatfreeze
89%
. Lottacoins
89%
. Merrygo
89%
, Offandon
89%
. Raynforest
89%
. Shipshape
89%
. Skorcheen
89%
. Slippenglide
89%
. Soli Tree
89%
. Wayaway
89%
. Bulbfish
78%
. Conductor
78%
. Florall
78%
. Jellyfish
78%
. Brrrning Sea Great Lighthouse
44%
. Meeger
44%
. Color Full Sea Great Lighthouse
33%
. Gulchrock Sea Great Lighthouse
33%
. Lushgreen Sea Great Lighthouse
33%
. Minmin
33%
. Mynor
33%
. Bitsi
22%
. Dinkee
22%
. Inphant
22%
. Itsi
22%
. Liil
22%
. Mykroh
22%
. Paquette
22%
. Petit
22%
. Shrimpee
22%
. Shroonken
22%
. Compac
11%
. Cozee
11%
. Daintye
11%
. Dropplet
11%
. Morsel
11%
. Nanoh
11%
. Smahl
11%
. Teensi
11%
. Teenytiny
11%
No matching quizzes found
Score Distribution
Percent of People with Each Score
Percentile by Number Answered
Your Score History
You have not taken this quiz